Pedrarias : (Record no. 196953)

MARC details
000 -LEADER
campo de control de longitud fija 01328nam a2200301 i 4500
001 - NÚMERO DE CONTROL
campo de control 196953
003 - IDENTIFICADOR DE NÚMERO DE CONTROL
campo de control SpMaBN
005 - FECHA Y HORA DE LA ÚLTIMA TRANSACCIÓN
campo de control 20250816063156.0
008 - DATOS DE LONGITUD FIJA--INFORMACIÓN GENERAL
campo de control de longitud fija 250225s2024 sp |||||| 000 | spa|
017 ## - NÚMERO DE COPYRIGHT O DE DEPÓSITO LEGAL
Número de copyright o de depósito legal M 3117-2025
Agencia que asigna Oficina Depósito Legal Madrid
020 ## - NÚMERO INTERNACIONAL ESTÁNDAR DEL LIBRO
Número Internacional Estándar del Libro 9788409679461
040 ## - FUENTE DE CATALOGACIÓN
Centro catalogador/agencia de origen SpMaBN
Lengua de catalogación spa
Centro/agencia transcriptor SpMaBN
Normas de descripción rda
100 1# - ENTRADA PRINCIPAL--NOMBRE DE PERSONA
Nombre de persona Arias-Dávila Balmaseda, Manuel,
9 (RLIN) 239675
Títulos y otros términos asociados al nombre conde de Puñonrostro
Término indicativo de función/relación Autor
245 10 - MENCIÓN DEL TÍTULO
Título Pedrarias :
Resto del título leyenda negra frente a los documentos /
Mención de responsabilidad, etc. Manuel Arias-Dávila Balmaseda, Conde de Puñonrostro.
260 ## - PUBLICACIÓN, DISTRIBUCIÓN, ETC.
Lugar de publicación, distribución, etc. [Madrid] :
Nombre del editor, distribuidor, etc. Fundación Condes de Puñonrostro,
Fecha de publicación, distribución, etc. 2025.
300 ## - DESCRIPCIÓN FÍSICA
Extensión 165 páginas :
Otras características físicas ilustrado a color ;
Dimensiones 23 cm
336 ## - TIPO DE CONTENIDO
Término de tipo de contenido Texto
Fuente rdacontent
337 ## - TIPO DE MEDIO
Nombre/término del tipo de medio sin mediación
Fuente rdamedia
338 ## - TIPO DE SOPORTE
Nombre/término del tipo de soporte volumen
Fuente rdacarrier
600 04 - PUNTO DE ACCESO ADICIONAL DE MATERIA--NOMBRE DE PERSONA
9 (RLIN) 241772
Nombre de persona Pedrarias Dávila
651 #4 - PUNTO DE ACCESO ADICIONAL DE MATERIA--NOMBRE GEOGRÁFICO
9 (RLIN) 8175
Nombre geográfico España-
Subdivisión de forma Historia
Subdivisión general Colonias-
852 ## - LOCALIZACIÓN
Ubicación ES-MaACL
Ubicación en estantería Depósito J
Número de control de estantería N-10428
Anotaciones manuscritas Dedicatoria autógrafa del autor
Donativo/Legado Donación: Manuel Arias-Dávila Balmaseda
Encuadernación Encuadernación rústica con solapas
itemnumber 206552
903 ## - NOMBRE PERSONAL DE DONANTE
9 239675
a Arias-Dávila Balmaseda, Manuel,
c conde de Puñonrostro
e Donante
942 ## - ELEMENTOS DE ENTRADA SECUNDARIOS (KOHA)
Tipo de ítem Koha Libro impreso
Suprimir en OPAC No
Holdings
Estatus retirado Estado de pérdida Fuente del sistema de clasificación o colocación Estado de daño No para préstamo Colección Biblioteca de origen Biblioteca actual Ubicación en estantería Fecha de adquisición Fuente de adquisición Total de préstamos Signatura topográfica completa Código de barras Visto por última vez Precio de reemplazo Tipo de ítem Koha
    Clasificación decimal universal     Libros con dedicatorias Biblioteca del Ateneo de Madrid Biblioteca del Ateneo de Madrid Depósito J 14/08/2025 Donación   N-10428 2025-0929 14/08/2025 14/08/2025 Libro impreso